| 000 | 00765nam a22002417a 4500 | ||
|---|---|---|---|
| 999 |
_c2459 _d2459 |
||
| 001 | 93 | ||
| 003 | BD-DhUAP | ||
| 005 | 20200225102941.0 | ||
| 008 | 200225r19971910ii a|||| |||| 001 0 eng d | ||
| 020 | _a8175360720 | ||
| 040 |
_aBD-DhUAP _bEng _cBD-DhUAP _dBD-DhUAP |
||
| 082 |
_223 _a720.954 FER |
||
| 100 | _aFergusson, James. | ||
| 245 |
_aHistory of Indian and Eastern architecture / _cJames Fergusson ; edited by James Burgess and R. Phene Spiers. |
||
| 260 |
_aNew Delhi : _bLow price publications, _c1910 [Reprinted 1997]. |
||
| 300 |
_avolumes : _billustrations ; _c22 cm. |
||
| 500 | _aInclude index. | ||
| 505 | _aV. (1-2)-- | ||
| 650 |
_aArchitecture _vHistory _zIndia. |
||
| 700 | _aBurgess, James. | ||
| 700 | _aSpiers, R. Phene. | ||
| 942 |
_2ddc _cBK |
||